The power semiconductor data book for design engineers
সংরক্ষণ করুন:
| বিন্যাস: | গ্রন্থ |
|---|---|
| ভাষা: | ইংরেজি |
| প্রকাশিত: |
Dallas
Texas Instruments
1970
|
| বিষয়গুলি: | |
| ট্যাগগুলো: |
ট্যাগ যুক্ত করুন
কোনো ট্যাগ নেই, প্রথমজন হিসাবে ট্যাগ করুন!
|
MARC
| LEADER | 00000nam a2200000 a 4500 | ||
|---|---|---|---|
| 001 | UCV6543 | ||
| 003 | CL-VaPUC | ||
| 008 | 930113e19700000US |||||||||||||||||eng|d | ||
| 082 | 0 | 4 | |a 621.381 |b THE |2 21 |
| 245 | 1 | 4 | |a The power semiconductor data book for design engineers |
| 300 | |a 768 p | ||
| 942 | |c BK | ||
| 945 | |d 19930113 00:00:00 | ||
| 260 | |a Dallas |b Texas Instruments |c 1970 | ||
| 650 | 0 | |a Semiconductores |9 260250 | |
| 583 | |a last modification |c 19930113 00:00:00 |k Rodrigo Vera | ||
| 999 | |c 212552 |d 212550 | ||
| 952 | |0 0 |1 0 |4 0 |6 621_381000000000000_THE_1970 |7 0 |8 A |9 193610 |a BIBING |b BIBING |d 2019-11-14 |i 2616165 |o 621.381 THE 1970 |p 2616165 |r 2025-01-20 |w 2019-11-14 |y BK |k EIE | ||